00382nam a22001457a 4500003000400000005001700004008004100021245004800062260005300110300001700163310001300180362000900193942001500202999001900217dpl20251031113735.0251029b |||||||| |||| 00| 0 eng d aSummerhillcedited by Raghavendra P. Tiwari aShimlabIndian Institute of Advanced Studyc2024 aVol.XXX,No.1 a6 months a2024 2ddccSRs1 c213687d213687